| 000 | 01014nam a22003737a 4500 | ||
|---|---|---|---|
| 001 | 0002466 | ||
| 003 | KOHA_MİRAKIL | ||
| 005 | 20260207001313.0 | ||
| 007 | ta | ||
| 008 | 090227b2000 tu |||grn|||#0|||0|tur | | ||
| 020 | _a9755911790 | ||
| 040 |
_aTR-BiSEU _btur _cTR-BiSEU _erda |
||
| 041 | 0 | _atur | |
| 044 | _ctu | ||
| 050 |
_aTK7872 _b.G96 2000 |
||
| 100 | 1 | _aGürdal, Osman. | |
| 245 | 1 |
_aAlgılayıcılar ve dönüştürücüler/ _cOsman Gürdal ; Osman Gürdal. |
|
| 250 | _a2. bs. | ||
| 264 | 1 |
_aAnkara : _bNobel Yayınları _c2000 |
|
| 300 | _aXII, 696 sayfa | ||
| 336 |
_ametin _btxt _2rdacontent |
||
| 337 |
_aaracısız _bn _2rdamedia |
||
| 338 |
_acilt _bnc _2rdacarrier |
||
| 490 | 1 |
_aNobel yayın ; _vno. |
|
| 490 | 1 | _a200. | |
| 650 | 0 |
_aDönüştürücüler. _96993 |
|
| 650 | 0 |
_aDetektörler. _93801 |
|
| 650 | 0 |
_aTransducers. _91477 |
|
| 650 | 0 |
_aSensors. _91478 |
|
| 830 | 1 |
_aNobel yayın ; _vno. _91510 |
|
| 830 | 1 |
_a200. _96994 |
|
| 907 | _aAraştırma | ||
| 942 |
_2lcc _cBK |
||
| 999 |
_c2453 _d2453 |
||